[Event "Sofia Spring op 1st"]
[Site "Sofia"]
[Date "2025.05.27"]
[Round "7"]
[White "Seker, Kadir Mert"]
[Black "Chkhaidze, Nikoloz"]
[Result "1/2-1/2"]
[WhiteElo "1881"]
[BlackElo "2173"]
[PlyCount "85"]
[EventDate "2025.05.23"]
[EventType "swiss"]
[EventRounds "9"]
[EventCountry "BUL"]
[SourceTitle "CB23_2025"]
[SourceDate "2025.06.04"]
[SourceVersion "1"]
[SourceVersionDate "2025.06.04"]
[SourceQuality "1"]

1. d4 Nf6 2. c4 g6 3. Nc3 Bg7 4. e4 d6 5. Be2 0-0 6. Nf3 e5 7. Be3 Ng4 8. Bg5 f6 9. Bh4 Nc6 10. 0-0 g5 11. Bg3 h5 12. h4 f5 13. exf5 Nxd4 14. Nxg5 Bxf5 15. Bd3 Qd7 16. Nce4 Bh6 17. Qd2 Qg7 18. f3 Nf6 19. Bf2 Bxe4 20. Bxe4 Nxe4 21. fxe4 Bxg5 22. hxg5 Rae8 23. Be3 c5 24. Rae1 Qg6 25. Qd3 Qe6 26. Qd1 Qg6 27. Qd3 Kg7 28. b4 Qe6 29. bxc5 dxc5 30. Bxd4 exd4 31. Qe2 Rxf1+ 32. Rxf1 Rf8 33. Rxf8 Kxf8 34. Qxh5 Qxe4 35. Qf3+ Qxf3 36. gxf3 Kf7 37. Kf2 Ke6 38. Ke2 Kf5 39. f4 a6 40. a4 b6 41. Kd2 Kg6 42. Kd3 Kf5 43. Kd2 1/2-1/2

[Event "Baku op-B"]
[Site "Baku"]
[Date "2025.05.06"]
[Round "9"]
[White "Xie, Jiaxiang"]
[Black "Chkhaidze, Nikoloz"]
[Result "1/2-1/2"]
[WhiteElo "2102"]
[BlackElo "2173"]
[PlyCount "88"]
[EventDate "2025.04.28"]
[EventType "swiss"]
[EventRounds "9"]
[EventCountry "AZE"]
[SourceTitle "CB20_2025"]
[SourceDate "2025.05.14"]
[SourceVersion "1"]
[SourceVersionDate "2025.05.14"]
[SourceQuality "1"]

1. e4 c5 2. Nf3 d6 3. d4 cxd4 4. Nxd4 Nf6 5. Nc3 g6 6. f3 Bg7 7. Be3 0-0 8. Bc4 Nc6 9. Qd2 Nxd4 10. Bxd4 Be6 11. Bxe6 fxe6 12. 0-0-0 Qa5 13. Kb1 Rac8 14. Qd3 Nd7 15. Ne2 Ne5 16. Bxe5 Qxe5 17. Qb3 Rc4 18. c3 b5 19. Nd4 a6 20. a4 Rb8 21. axb5 axb5 22. g3 Kf7 23. Rd3 Qc5 24. Rhd1 b4 25. Nc2 Rb6 26. cxb4 Rbxb4 27. Nxb4 Rxb4 28. Qa2 Rxb2+ 29. Qxb2 Bxb2 30. Kxb2 Qb6+ 31. Kc2 Qc5+ 32. Rc3 Qa7 33. Rd2 g5 34. f4 Qa4+ 35. Kd3 gxf4 36. gxf4 d5 37. exd5 exd5 38. Ke2 e6 39. Re3 Kf6 40. Kf3 Qc4 41. Rde2 Qc6 42. Rxe6+ Qxe6 43. Rxe6+ Kxe6 44. Ke3 Kf5 1/2-1/2

[Event "Batumi Municipality Cup"]
[Site "Batumi"]
[Date "2023.07.09"]
[Round "8"]
[White "Chkhaidze, Nikoloz"]
[Black "Yeritsyan, Hayk"]
[Result "1-0"]
[WhiteElo "2293"]
[BlackElo "2181"]
[PlyCount "75"]
[EventDate "2023.07.02"]
[EventType "swiss"]
[EventRounds "9"]
[EventCountry "GEO"]
[SourceTitle "CBM 215 Extra"]
[Source "ChessBase"]
[SourceDate "2023.09.30"]
[SourceVersion "1"]
[SourceVersionDate "2023.09.30"]
[SourceQuality "1"]

1. e4 c5 2. c3 d5 3. exd5 Nf6 4. Qa4+ Nbd7 5. Qb3 g6 6. Nf3 Bg7 7. Be2 0-0 8. 0-0 b5 9. d4 c4 10. Qxb5 Nb6 11. Ne5 Nfxd5 12. Nxc4 Bd7 13. Qa5 Qc7 14. Nxb6 Nxb6 15. Be3 Bc6 16. Nd2 Rad8 17. Bf3 Bxf3 18. Nxf3 Rd5 19. Qa6 Nc4 20. Bf4 e5 21. Nxe5 Nxe5 22. Bxe5 Bxe5 23. dxe5 Rb8 24. e6 Rxb2 25. Rae1 fxe6 26. Rxe6 Rd8 27. Rfe1 Rf8 28. Re7 Qf4 29. R7e2 Qb8 30. Qe6+ Kh8 31. h4 Rxe2 32. Qxe2 Qd8 33. h5 Qh4 34. hxg6 hxg6 35. g3 Qa4 36. Qe5+ Kg8 37. Qd5+ Kh8 38. Re7 1-0

[Event "Baku op"]
[Site "Baku"]
[Date "2023.05.09"]
[Round "6"]
[White "Babazada, Khazar Araz"]
[Black "Chkhaidze, Nikoloz"]
[Result "1-0"]
[WhiteElo "2474"]
[BlackElo "2253"]
[PlyCount "75"]
[EventDate "2023.05.04"]
[EventType "swiss"]
[EventRounds "9"]
[EventCountry "AZE"]
[SourceTitle "CBM 214 Extra"]
[Source "ChessBase"]
[SourceDate "2023.07.31"]
[SourceVersion "1"]
[SourceVersionDate "2023.07.31"]
[SourceQuality "1"]

1. e4 c5 2. Nf3 e6 3. d4 cxd4 4. Nxd4 Nc6 5. Nc3 Qc7 6. f4 a6 7. Nxc6 Qxc6 8. Bd3 b5 9. Qe2 Bb7 10. Bd2 Bc5 11. 0-0-0 Ne7 12. a3 0-0 13. h4 f5 14. g4 d5 15. exf5 exf5 16. gxf5 Nxf5 17. Qg4 Bc8 18. Qg2 Kh8 19. Kb1 Rb8 20. Nxd5 b4 21. axb4 Bxb4 22. Bxb4 Rxb4 23. Be4 Rb8 24. Rhg1 Rf7 25. b3 Be6 26. Rd3 a5 27. Ne7 Qc7 28. Nc6 Rc8 29. Ne5 Re7 30. Bc6 Nd6 31. h5 Bf5 32. Rd4 Nb5 33. Rd2 Na3+ 34. Kb2 Nxc2 35. Qg5 Ne3 36. h6 Rf8 37. Bd7 Rg8 38. Qxe7 1-0

[Event "Lienz op 21st"]
[Site "Lienz"]
[Date "2023.02.14"]
[Round "5"]
[White "Chkhaidze, Nikoloz"]
[Black "Dubessay, Bastien"]
[Result "1-0"]
[WhiteElo "2165"]
[BlackElo "2300"]
[PlyCount "79"]
[EventDate "2023.02.11"]
[EventType "swiss"]
[EventRounds "9"]
[EventCountry "AUT"]
[SourceTitle "CBM 212 Extra"]
[Source "ChessBase"]
[SourceDate "2023.03.31"]
[SourceVersion "1"]
[SourceVersionDate "2023.03.31"]
[SourceQuality "1"]

1. e4 e6 2. d3 d5 3. Nd2 Nf6 4. Ngf3 Be7 5. g3 0-0 6. Bg2 c5 7. 0-0 Nc6 8. Re1 b5 9. e5 Nd7 10. Nf1 Qc7 11. Bf4 Bb7 12. h4 Rfe8 13. Ne3 Qb6 14. h5 Bf8 15. h6 g6 16. Bh3 d4 17. Ng4 Ne7 18. Nd2 Nd5 19. Bg5 Rec8 20. Ne4 c4 21. Bg2 cxd3 22. cxd3 Nb4 23. Ngf6+ Nxf6 24. Nxf6+ Kh8 25. Nd7 Qc7 26. Nxf8 Rxf8 27. Rc1 Qd7 28. Bxb7 Qxb7 29. Re4 Nxa2 30. Rc5 Nb4 31. Qf3 f5 32. exf6 Rf7 33. Rce5 Kg8 34. Rxe6 Raf8 35. Bd2 Nd5 36. Rxd4 Nxf6 37. Qxb7 Rxb7 38. Bb4 Nd7 39. Re7 Rf7 40. Rdxd7 1-0

[Event "Bassano del Grappa Vergani Cup"]
[Site "Bassano del Grappa"]
[Date "2023.02.01"]
[Round "1"]
[White "Nasuta, Grzegorz"]
[Black "Chkhaidze, Nikoloz"]
[Result "1-0"]
[WhiteElo "2535"]
[BlackElo "2165"]
[PlyCount "113"]
[EventDate "2023.02.01"]
[EventType "swiss"]
[EventRounds "9"]
[EventCountry "ITA"]
[SourceTitle "CBM 212 Extra"]
[Source "ChessBase"]
[SourceDate "2023.03.31"]
[SourceVersion "1"]
[SourceVersionDate "2023.03.31"]
[SourceQuality "1"]

1. e4 c5 2. Nf3 e6 3. d4 cxd4 4. Nxd4 Nc6 5. Bf4 d6 6. Nxc6 bxc6 7. Bd3 Rb8 8. Nd2 Ne7 9. 0-0 Ng6 10. Be3 Qc7 11. f4 Be7 12. Rb1 0-0 13. c3 e5 14. f5 Nf4 15. Bxf4 exf4 16. Rxf4 Re8 17. Rf1 Bb7 18. Qc2 Bf6 19. Rbe1 Re7 20. Nf3 Rbe8 21. Re2 c5 22. c4 Bc6 23. g4 Qb7 24. Rfe1 Be5 25. Qd2 f6 26. Kg2 g5 27. fxg6 hxg6 28. Rf1 Kg7 29. g5 fxg5 30. Nxg5 Bf6 31. Rxf6 Kxf6 32. Rf2+ Kg7 33. Qf4 Bxe4+ 34. Bxe4 Rxe4 35. Qf6+ Kh6 36. Nf7+ Kh7 37. Ng5+ Kh6 38. Nf7+ Kh7 39. Nxd6 Qc6 40. Qf7+ Kh6 41. Qd5 Qxd5 42. cxd5 Kg5 43. Nxe4+ Rxe4 44. Rd2 Re7 45. d6 Rd7 46. Kf3 Kf5 47. h4 c4 48. a4 a5 49. Rd5+ Ke6 50. Ke4 c3 51. bxc3 Rxd6 52. Rxd6+ Kxd6 53. Kd4 Ke6 54. c4 Kd6 55. c5+ Kc7 56. Kd5 Kd7 57. c6+ 1-0

[Event "SRB Central-ch"]
[Site "Pirot"]
[Date "2022.11.21"]
[Round "7"]
[White "Bryakin, Mikhail"]
[Black "Chkhaidze, Nikoloz"]
[Result "1-0"]
[WhiteElo "2436"]
[BlackElo "2219"]
[PlyCount "81"]
[EventDate "2022.11.16"]
[EventType "swiss"]
[EventRounds "9"]
[EventCountry "SRB"]
[SourceTitle "CBM 211 Extra"]
[Source "ChessBase"]
[SourceDate "2023.01.31"]
[SourceVersion "1"]
[SourceVersionDate "2023.01.31"]
[SourceQuality "1"]

1. d4 Nf6 2. c4 g6 3. Nf3 Bg7 4. g3 0-0 5. Bg2 d6 6. Nc3 c5 7. dxc5 dxc5 8. Be3 Nbd7 9. h3 b6 10. 0-0 Bb7 11. Qc2 e5 12. Rfd1 Qe7 13. Ng5 Bxg2 14. Kxg2 Bh6 15. Qd2 Rfd8 16. Qd6 Bf8 17. Qxe7 Bxe7 18. Nf3 Ne8 19. Rd2 f6 20. g4 Nf8 21. g5 Rxd2 22. Bxd2 Kf7 23. gxf6 Bxf6 24. Ne4 Ne6 25. e3 g5 26. Bc3 h5 27. Rd1 g4 28. hxg4 hxg4 29. Nh2 g3 30. Kxg3 N8g7 31. Ng4 Nf5+ 32. Kf3 Bg7 33. Rd7+ Kg6 34. Nxe5+ Bxe5 35. Bxe5 Re8 36. Rxa7 Nd8 37. Bg3 Nxg3 38. Nxg3 Nc6 39. Rb7 Ne5+ 40. Ke2 Nxc4 41. b3 1-0